Az 1941.évi népszámlálás Annépszámlálás története és jellemzése

Salvato in:
Dettagli Bibliografici
Natura: Libro
Lingua:ungherese
Pubblicazione: Budapest Központi statisztikai hivatal 1981
Tags: Aggiungi Tag
Nessun Tag, puoi essere il primo ad aggiungerne!!

MARC

LEADER 00000nam a2200000 4500
001 c127109
005 20041019155239.8
041 0 |a hun 
044 |a HU 
245 1 0 |a Az 1941.évi népszámlálás  |b Annépszámlálás története és jellemzése 
264 1 |a Budapest  |b Központi statisztikai hivatal  |c 1981 
300 |a 142 s.